Movies Quiz

Random Movies Quiz

10 to 1 Movie themes IV Quiz Stats

 Plays Quiz not verified by Sporcle

Also try: 25 Movie Brothers
Challenge
Share
Tweet
Embed
Score 0/55 Timer 07:00
0 Plays Today
% Correct
20,000 Leagues Under the Sea
94.9%
Finding Nemo
93.1%
Planet of the Apes
92.1%
King Kong
91.9%
Hot Tub Time Machine
91.4%
The Little Mermaid
91.2%
Back to the Future
91.1%
Avatar
90.6%
Yojimbo
90.5%
Miss Congeniality
90.2%
Lara Croft: Tomb Raider
89.9%
George of the Jungle
89.9%
Into the Blue
89.4%
The Abyss
87.7%
The Jungle Book
87.5%
A Beautiful Mind
87.4%
12 Angry Men
87%
Final Fantasy: The Spirits Within
86.8%
The Verdict
86.3%
The Smurfs
86%
A Few Good Men
85.8%
Little Miss Sunshine
84.8%
To Kill a Mockingbird
84.4%
Below
84%
12 Years a Slave
83.8%
Braveheart
83.6%
Walk the Line
83.4%
The Aviator
83%
% Correct
Bill & Ted's Excellent Adventure
82.5%
Mighty Joe Young
80.1%
Pan's Labyrinth
78.1%
Drop Dead Gorgeous
77.7%
Prince of Persia: The Sands of Time
76%
Man on the Moon
75.9%
City of God
74.2%
Run Lola Run
73.3%
Max Payne
71.9%
Finding Neverland
70.3%
The Cave
69.5%
A Time to Kill
68.3%
Sphere
67.9%
Black Cat, White Cat
67.5%
Wing Commander
63.3%
The Lives of Others
63%
Fanny and Alexander
61.3%
Into the Wild
60.5%
Born to Be Wild
60%
Silent Hill
58.6%
K-19: The Widowmaker
57.9%
3-Iron
55.1%
Talk to Her
54.5%
A Very Long Engagement
51.4%
Every Which Way but Loose
49.1%
Primer
33.2%
The Party
21.2%

You're not logged in!

Compare scores with friends on all Sporcle quizzes.
OR
Log In

You Might Also Like...

Show Comments

Extras

Editor's Pick Apr 6, 2018ReportNominate
Tags:10 to 1

Top Quizzes Today


Score Distribution

Your Account Isn't Verified!

In order to create a playlist on Sporcle, you need to verify the email address you used during registration. Go to your Sporcle Settings to finish the process.

Report this User

Report this user for behavior that violates our Community Guidelines.

Details: